000 00505nam a2200181Ia 4500
005 20250326124400.0
008 250326s9999 xx 000 0 und d
037 _aTextbook
040 _aFMSL
_beng
_cFMSL
041 _aeng
_2eng
084 _aX:761.44 L3
_qFMSL
100 _aRao V K R V
245 0 _aInflation and India's economic crisis
_cRao V K R V; Khusro A M
260 _aDelhi
_bDelhi, Vikas
_c1973
300 _a64p
942 _cTB
_hX:761.44 L3
999 _c1273499
_d1273499